[Event "VI MFSz Turniej Glowny"]
[Site "Ostroda"]
[Date "2009.08.07"]
[Round "1.1"]
[White "Pulik, Krzysztof"]
[Black "Jadanowski, Lukasz"]
[Result "1/2-1/2"]
[WhiteElo "2207"]
[BlackElo "2132"]
[PlyCount "120"]
[EventDate "2009.??.??"]

1. e4 Nf6 2. Nc3 d5 3. e5 Nfd7 4. Nxd5 Nxe5 5. Ne3 c5 6. f4 Ng6 7. f5 Ne5 8.
Nf3 Nbc6 9. Be2 g6 10. Bb5 Bd7 11. O-O Bg7 12. Qe2 Nxf3+ 13. Qxf3 Nd4 14. Bxd7+
Qxd7 15. Qe4 Nxf5 16. Nxf5 gxf5 17. Rxf5 Qd4+ 18. Qxd4 cxd4 19. c4 d3 20. Rb1
O-O 21. b3 e6 22. Rg5 f6 23. Rg3 Rad8 24. Bb2 Rd7 25. Rf1 e5 26. Rff3 Kh8 27.
Rxd3 Rfd8 28. Rxd7 Rxd7 29. Bc3 Bh6 30. d3 Bf4 31. Rf3 Kg7 32. g3 Bc1 33. Kf2
Kg6 34. Ke2 Bh6 35. h3 Rd8 36. Be1 a6 37. Rf1 Kf7 38. Bf2 Ke6 39. Rd1 f5 40. b4
Bf8 41. Rb1 b5 42. c5 Kd5 43. a4 bxa4 44. Ra1 Kc6 45. Rxa4 Kb5 46. Ra5+ Kxb4
47. Be1+ Kb3 48. c6 Bb4 49. Bxb4 Kxb4 50. Rxa6 Rc8 51. Ra7 Rxc6 52. Rxh7 Kc3
53. Rf7 Rg6 54. Kf3 Kxd3 55. Rxf5 e4+ 56. Kf4 e3 57. Rd5+ Ke2 58. Re5 Rf6+ 59.
Kg4 Rg6+ 60. Kf4 Rf6+ 1/2-1/2

[Event "VI MFSz Turniej Glowny"]
[Site "Ostroda"]
[Date "2009.08.07"]
[Round "1.2"]
[White "Krasowski, Slawomir"]
[Black "Szymczak, Zbigniew"]
[Result "0-1"]
[WhiteElo "2006"]
[BlackElo "2289"]
[PlyCount "48"]
[EventDate "2009.??.??"]

1. e4 c5 2. Nf3 e6 3. d4 cxd4 4. Nxd4 a6 5. Nc3 b5 6. Be3 Bb7 7. f3 Qc7 8. Qd2
Nf6 9. a3 d6 10. Be2 Nbd7 11. O-O Be7 12. Rfc1 O-O 13. g4 Nb6 14. b3 Rac8 15.
Nd1 d5 16. g5 Nfd7 17. Nf2 g6 18. exd5 Nxd5 19. c4 Nxe3 20. Qxe3 Qb6 21. Nd3
Bxg5 22. Qxg5 Qxd4+ 23. Kf1 bxc4 24. bxc4 Bxf3 0-1

[Event "VI MFSz Turniej Glowny"]
[Site "Ostroda"]
[Date "2009.08.07"]
[Round "1.3"]
[White "Kuzmicz, Krystian"]
[Black "Bukowska, Katarzyna"]
[Result "1-0"]
[WhiteElo "2408"]
[BlackElo "2026"]
[PlyCount "61"]
[EventDate "2009.??.??"]

1. e4 e5 2. Nf3 Nc6 3. Nc3 Nf6 4. a3 d5 5. Bb5 dxe4 6. Nxe5 Bd7 7. Bxc6 bxc6 8.
Nxd7 Qxd7 9. Qe2 Qe6 10. O-O Bd6 11. Re1 O-O 12. Nxe4 Nxe4 13. Qxe4 Qh6 14. h3
Rae8 15. Qxe8 Rxe8 16. Rxe8+ Bf8 17. d3 Qh5 18. Bf4 f6 19. Rae1 Kf7 20. Rc8 Bd6
21. Bxd6 cxd6 22. Rxc6 Qa5 23. Re4 d5 24. Rb4 Kg6 25. g3 h5 26. Rb7 Qe1+ 27.
Kg2 h4 28. g4 d4 29. Rcc7 Kg5 30. Rxg7+ Kf4 31. Rbe7 1-0

[Event "VI MFSz Turniej Glowny"]
[Site "Ostroda"]
[Date "2009.08.07"]
[Round "1.4"]
[White "Brodowski, Piotr"]
[Black "Kobus, Sebastian"]
[Result "1-0"]
[WhiteElo "2397"]
[BlackElo "2035"]
[PlyCount "101"]
[EventDate "2009.??.??"]

1. c4 e6 2. Nf3 d5 3. b3 Nf6 4. Bb2 Be7 5. d3 O-O 6. g3 Nbd7 7. Bg2 b6 8. cxd5
exd5 9. Nd4 Bb7 10. Nf5 Bb4+ 11. Nd2 Re8 12. O-O Bf8 13. Rc1 g6 14. Ne3 Rc8 15.
Qc2 c5 16. Qb1 Bh6 17. Rc2 Ba8 18. Bf3 d4 19. Nec4 Bxf3 20. Nxf3 Rc6 21. b4
Rce6 22. Qd1 Qe7 23. Re1 Nd5 24. a3 N7f6 25. Bxd4 cxd4 26. Nxd4 Nc7 27. Nxe6
Nxe6 28. e3 Rd8 29. f4 Bg7 30. Ne5 Qd6 31. Qf3 Nd7 32. Nc6 Re8 33. Rd1 a6 34.
d4 f5 35. Ne5 Nd8 36. Rc8 Nf6 37. Rdc1 Rf8 38. R1c7 a5 39. Qe2 Qd5 40. bxa5
bxa5 41. Rc5 Qb3 42. Rb5 Qe6 43. Qc4 Qxc4 44. Rxc4 Ne4 45. Rxa5 Nb7 46. Ra7
Ned6 47. Rc7 Rb8 48. a4 h6 49. a5 Rd8 50. a6 Nb5 51. Rxg7+ 1-0

[Event "VI MFSz Turniej Glowny"]
[Site "Ostroda"]
[Date "2009.08.07"]
[Round "1.5"]
[White "Rak, Tomasz"]
[Black "Cyborowski, Lukasz"]
[Result "0-1"]
[WhiteElo "2094"]
[BlackElo "2498"]
[PlyCount "76"]
[EventDate "2009.??.??"]

1. Nf3 c5 2. c4 Nc6 3. d4 cxd4 4. Nxd4 g6 5. Nc3 Bg7 6. Nc2 Bxc3+ 7. bxc3 Nf6
8. g3 Qa5 9. Ne3 Qxc3+ 10. Bd2 Qd4 11. Rc1 Ne4 12. Rc2 d6 13. Bg2 Nxd2 14. Rxd2
Qc5 15. h4 h5 16. O-O O-O 17. Rd5 Qa3 18. Qa1 Rb8 19. Rfd1 Ne5 20. c5 Be6 21.
cxd6 Bxd5 22. dxe7 Qxe7 23. Nxd5 Qd6 24. Nf4 Qf6 25. Nd5 Qg7 26. Qc1 Ng4 27.
Qa3 a6 28. Nf4 Rfd8 29. Bd5 Qf6 30. Qb3 Rd7 31. Rd3 Rbd8 32. Rf3 Ne5 33. Re3
Kg7 34. a4 Nc6 35. Kg2 Ne7 36. Be4 Nf5 37. Bxf5 Qxf5 38. Qc3+ Rd4 0-1

[Event "VI MFSz Turniej Glowny"]
[Site "Ostroda"]
[Date "2009.08.08"]
[Round "2.2"]
[White "Kobus, Sebastian"]
[Black "Rak, Tomasz"]
[Result "1-0"]
[WhiteElo "2035"]
[BlackElo "2094"]
[PlyCount "97"]
[EventDate "2009.??.??"]

1. e4 c6 2. d4 d5 3. Nc3 dxe4 4. Nxe4 Nf6 5. Nxf6+ gxf6 6. Bf4 h5 7. Qd2 Bf5 8.
O-O-O e6 9. Bd3 Bxd3 10. Qxd3 Bd6 11. Ne2 Na6 12. Qf3 f5 13. Rhe1 Nb4 14. Ng3
Bxf4+ 15. Qxf4 Kd7 16. Nxf5 exf5 17. Qxf5+ Kc7 18. Qa5+ Kb8 19. Qxb4 Qg5+ 20.
Kb1 a5 21. Qd6+ Ka7 22. Re5 Qd8 23. Qc5+ Ka6 24. Rxh5 Rxh5 25. Qxh5 Qf6 26.
Qe2+ Ka7 27. a3 Rh8 28. h3 Rg8 29. g3 Rg5 30. h4 Rb5 31. Qe3 Ka6 32. Rd3 a4 33.
c4 Rb6 34. Qf3 Qe6 35. Re3 Qg6+ 36. Qe4 Qg7 37. Qc2 Rb3 38. Rxb3 axb3 39. Qxb3
b5 40. cxb5+ cxb5 41. d5 Qd4 42. f4 f5 43. Ka2 Qd2 44. a4 b4 45. h5 Qh2 46.
Qd3+ Ka7 47. d6 b3+ 48. Qxb3 Qxh5 49. d7 1-0

[Event "VI MFSz Turniej Glowny"]
[Site "Ostroda"]
[Date "2009.08.08"]
[Round "2.3"]
[White "Bukowska, Katarzyna"]
[Black "Brodowski, Piotr"]
[Result "0-1"]
[WhiteElo "2026"]
[BlackElo "2397"]
[PlyCount "62"]
[EventDate "2009.??.??"]

1. e4 c5 2. Nf3 Nc6 3. d4 cxd4 4. Nxd4 Nf6 5. Nc3 e5 6. Ndb5 d6 7. Bg5 a6 8.
Na3 b5 9. Nd5 Be7 10. Bxf6 Bxf6 11. c4 b4 12. Nc2 a5 13. g3 O-O 14. Bg2 Bg5 15.
h4 Bh6 16. O-O Be6 17. Qd3 Nb8 18. a3 bxa3 19. Rxa3 Na6 20. Rfa1 Nc5 21. Qe2
Bxd5 22. exd5 Rb8 23. Ne1 Nb3 24. Rd1 f5 25. Nf3 Qb6 26. Ng5 Bxg5 27. hxg5 g6
28. Qe1 Rfc8 29. Bf1 Ra8 30. Kg2 Qb4 31. Bd3 Rcb8 {nieczytelny 45 pos.} 0-1

[Event "VI MFSz Turniej Glowny"]
[Site "Ostroda"]
[Date "2009.08.08"]
[Round "2.4"]
[White "Szymczak, Zbigniew"]
[Black "Kuzmicz, Krystian"]
[Result "0-1"]
[WhiteElo "2289"]
[BlackElo "2408"]
[PlyCount "79"]
[EventDate "2009.??.??"]

1. d4 g6 2. c4 Bg7 3. Nf3 c5 4. e4 Qa5+ 5. Nc3 d6 6. Be2 Bg4 7. Be3 Bxf3 8.
gxf3 cxd4 9. Bxd4 Bxd4 10. Qxd4 Nf6 11. f4 Nc6 12. Qe3 Rc8 13. O-O O-O 14. a3
Qc5 15. b4 Qxe3 16. fxe3 a5 17. Rab1 axb4 18. axb4 Ra8 19. Bf3 Ra3 20. Nd5 Nxd5
21. exd5 Nb8 22. Kf2 Na6 23. Rfc1 Ra4 24. Kg3 Rb8 25. b5 Nc5 26. Rc3 Rba8 27.
h4 Ra3 28. Rbc1 f5 29. R1c2 Ra1 30. h5 Kg7 31. hxg6 hxg6 32. Re2 Kf6 33. Kf2
Rh8 34. Kg3 Rg1+ 35. Kf2 Ra1 36. Kg3 Rha8 37. Kf2 R8a3 38. Rec2 g5 39. fxg5+
Kxg5 40. Kg3 {...71 pos} 0-1

[Event "VI MFSz Turniej Glowny"]
[Site "Ostroda"]
[Date "2009.08.08"]
[Round "2.5"]
[White "Pulik, Krzysztof"]
[Black "Krasowski, Slawomir"]
[Result "1-0"]
[WhiteElo "2207"]
[BlackElo "2006"]
[PlyCount "61"]
[EventDate "2009.??.??"]

1. e4 e6 2. d4 d5 3. Nd2 dxe4 4. Nxe4 Be7 5. Nf3 Nf6 6. Bd3 Nbd7 7. c3 Nxe4 8.
Bxe4 Nf6 9. Bc2 Bd7 10. O-O Bc6 11. Re1 h6 12. Ne5 Qd5 13. Nxc6 Qxc6 14. Ba4 b5
15. Bc2 Qb7 16. Be3 Rd8 17. Qe2 O-O 18. Rad1 a5 19. Bf4 c5 20. Be5 c4 21. Bb1
Rfe8 22. Qc2 Kf8 23. Re3 Bd6 24. Bxf6 gxf6 25. Qh7 Qd5 26. Rde1 Ke7 27. Bf5 Rg8
28. Rxe6+ Kf8 29. R6e4 Bf4 30. Bh3 Qh5 31. Rxf4 1-0

[Event "VI MFSz Turniej Glowny"]
[Site "Ostroda"]
[Date "2009.08.08"]
[Round "3.1"]
[White "Krasowski, Slawomir"]
[Black "Jadanowski, Lukasz"]
[Result "0-1"]
[WhiteElo "2006"]
[BlackElo "2132"]
[PlyCount "76"]
[EventDate "2009.??.??"]

1. e4 c5 2. Nc3 Nc6 3. g3 g6 4. Bg2 Bg7 5. Nge2 e6 6. d3 Rb8 7. Bf4 d6 8. Nb5
e5 9. Be3 a6 10. Nbc3 Nge7 11. h3 Nd4 12. O-O O-O 13. Qd2 Bxh3 14. Nd5 Nxe2+
15. Qxe2 Bd7 16. Qd2 Nxd5 17. exd5 f5 18. c3 Rf7 19. Rae1 Qf8 20. f4 exf4 21.
gxf4 Bf6 22. Rf3 b5 23. Bf2 Re7 24. Rfe3 Rxe3 25. Rxe3 b4 26. Re1 Qg7 27. Rc1
a5 28. d4 cxd4 29. Bxd4 Bxd4+ 30. cxd4 Rc8 31. Rxc8+ Bxc8 32. Qd3 Qc7 33. Qe3
Kf7 34. a3 Qc2 35. Qf2 Qxf2+ 36. Kxf2 bxa3 37. bxa3 Ba6 38. Ke3 Ke7 0-1

[Event "VI MFSz Turniej Glowny"]
[Site "Ostroda"]
[Date "2009.08.08"]
[Round "3.2"]
[White "Kuzmicz, Krystian"]
[Black "Pulik, Krzysztof"]
[Result "1-0"]
[WhiteElo "2408"]
[BlackElo "2207"]
[PlyCount "57"]
[EventDate "2009.??.??"]

1. g3 d5 2. Bg2 Nf6 3. c4 c6 4. Qc2 e6 5. Nf3 Bd6 6. d4 Nbd7 7. O-O O-O 8. Nc3
Re8 9. Rd1 Qe7 10. b3 dxc4 11. bxc4 e5 12. e3 Rb8 13. Rb1 exd4 14. exd4 Qd8 15.
d5 cxd5 16. Nb5 Bc5 17. Bf4 Ng4 18. Rd2 a6 19. Bxb8 axb5 20. Bf4 bxc4 21. Ng5
Qf6 22. Qxh7+ Kf8 23. Qh5 Qg6 24. Qxg6 fxg6 25. Bxd5 Ndf6 26. Bxc4 b6 27. Bf7
Ne4 28. Nxe4 Rxe4 29. Bxg6 1-0

[Event "VI MFSz Turniej Glowny"]
[Site "Ostroda"]
[Date "2009.08.08"]
[Round "3.3"]
[White "Brodowski, Piotr"]
[Black "Szymczak, Zbigniew"]
[Result "1-0"]
[WhiteElo "2397"]
[BlackElo "2289"]
[PlyCount "94"]
[EventDate "2009.??.??"]

1. c4 g6 2. Nc3 Bg7 3. g3 c5 4. Bg2 Nc6 5. Nf3 e6 6. O-O Nge7 7. d3 O-O 8. Bd2
d5 9. Qc1 b6 10. Bh6 Bb7 11. Bxg7 Kxg7 12. cxd5 exd5 13. d4 Nxd4 14. Nxd4 cxd4
15. Nb5 Nf5 16. Qf4 Qf6 17. g4 Nh4 18. Qxf6+ Kxf6 19. Nxd4 Nxg2 20. Kxg2 Rac8
21. e3 Rfe8 22. Kg3 Rc5 23. Rfd1 h5 24. h3 hxg4 25. hxg4 Bc8 26. Rd2 Re4 27. f3
Re7 28. Kf2 Rec7 29. Rad1 Ra5 30. a3 Rac5 31. Re2 Bd7 32. Nb3 Rc2 33. Rxc2
Rxc2+ 34. Rd2 Rxd2+ 35. Nxd2 Ba4 36. Nb1 Ke5 37. Nc3 Bd7 38. Ne2 Kd6 39. Ke1
Kc5 40. Kd2 Kc4 41. Nd4 Ba4 42. g5 a5 43. f4 Bd7 44. b3+ Kc5 45. Nf3 Kd6 46.
Kc3 Bf5 47. Ne5 Ke6 1-0

[Event "VI MFSz Turniej Glowny"]
[Site "Ostroda"]
[Date "2009.08.08"]
[Round "3.4"]
[White "Rak, Tomasz"]
[Black "Bukowska, Katarzyna"]
[Result "1-0"]
[WhiteElo "2094"]
[BlackElo "2026"]
[PlyCount "59"]
[EventDate "2009.??.??"]

1. Nf3 d5 2. d4 Nf6 3. Bf4 e6 4. Nbd2 Be7 5. e3 O-O 6. Bd3 c5 7. c3 Nc6 8. Ne5
Nxe5 9. dxe5 Nd7 10. h4 f6 11. Nf3 Nxe5 12. Bxe5 fxe5 13. Nxe5 Qe8 14. h5 Bf6
15. Ng6 Rf7 16. Nf4 Bg5 17. Qc2 Bxf4 18. Bxh7+ Kf8 19. exf4 Rxf4 20. O-O-O Ke7
21. g3 Rf3 22. Qe2 Qf8 23. Rxd5 Rxf2 24. Qe5 Kf7 25. Rdd1 Qe7 26. Rhf1 Rf6 27.
g4 Bd7 28. g5 Rxf1 29. Rxf1+ Ke8 30. h6 1-0

[Event "VI MFSz Turniej Glowny"]
[Site "Ostroda"]
[Date "2009.08.08"]
[Round "3.5"]
[White "Cyborowski, Lukasz"]
[Black "Kobus, Sebastian"]
[Result "1-0"]
[WhiteElo "2498"]
[BlackElo "2035"]
[PlyCount "57"]
[EventDate "2009.??.??"]

1. d4 d5 2. Nf3 e6 3. c4 Nf6 4. Nc3 c5 5. e3 cxd4 6. exd4 Nc6 7. cxd5 Nxd5 8.
Bd3 Be7 9. O-O O-O 10. Re1 Bf6 11. Be4 h6 12. Bb1 Nde7 13. Qd3 Ng6 14. Be3 Nce7
15. Bc2 Bd7 16. Ne4 Nd5 17. Nxf6+ Nxf6 18. Ne5 Ne7 19. Rad1 Bc6 20. Bc1 Qd5 21.
Qh3 Rac8 22. Bb3 Qd8 23. Bc4 Bd5 24. Bd3 Nc6 25. Bxh6 gxh6 26. Qxh6 Re8 27. Re3
Nxe5 28. dxe5 Ne4 29. Rh3 1-0

[Event "VI MFSz Turniej Glowny"]
[Site "Ostroda"]
[Date "2009.08.09"]
[Round "4.1"]
[White "Jadanowski, Lukasz"]
[Black "Kobus, Sebastian"]
[Result "1-0"]
[WhiteElo "2132"]
[BlackElo "2035"]
[PlyCount "81"]
[EventDate "2009.??.??"]

1. d4 d6 2. e4 Nf6 3. Nc3 g6 4. g3 Bg7 5. Bg2 O-O 6. Nge2 e5 7. O-O Nc6 8. d5
Ne7 9. f4 Nd7 10. f5 Nf6 11. Qd3 c6 12. fxg6 fxg6 13. Bg5 c5 14. h3 Kh8 15. g4
h6 16. Be3 Neg8 17. Ng3 Bd7 18. a3 Rc8 19. b4 cxb4 20. axb4 Qc7 21. Ra3 a6 22.
Rc1 b5 23. Nd1 Qb7 24. Rca1 Ra8 25. Nb2 Rfc8 26. Bf1 h5 27. g5 Ne8 28. Qd2 Nc7
29. h4 Ne7 30. Be2 Rf8 31. Ra5 Kg8 32. R5a2 Rfc8 33. c4 bxc4 34. Nxc4 Nb5 35.
Nb6 Nc3 36. Bxa6 Rxa6 37. Rxa6 Na4 38. Nxc8 Qxa6 39. Nxe7+ Kf7 40. Nc6 Qb5 41.
Qe2 1-0

[Event "VI MFSz Turniej Glowny"]
[Site "Ostroda"]
[Date "2009.08.09"]
[Round "4.2"]
[White "Bukowska, Katarzyna"]
[Black "Cyborowski, Lukasz"]
[Result "0-1"]
[WhiteElo "2026"]
[BlackElo "2498"]
[PlyCount "84"]
[EventDate "2009.??.??"]

1. e4 c5 2. Nf3 e6 3. d4 cxd4 4. Nxd4 a6 5. Nc3 b5 6. Bd3 Bb7 7. O-O Qc7 8. Re1
Bc5 9. Nb3 Bd6 10. h3 Nf6 11. a4 b4 12. Na2 Nc6 13. c3 bxc3 14. Nxc3 O-O 15.
Bg5 Be5 16. Rc1 Bh2+ 17. Kh1 Bf4 18. Bxf4 Qxf4 19. Nc5 Rfb8 20. Kg1 Qe5 21. Ne2
Bc8 22. b3 Qc7 23. Bb1 d6 24. e5 dxe5 25. Ng3 Qe7 26. Nd3 Bb7 27. Nc5 Rd8 28.
Qf3 Rab8 29. Nxb7 Nd4 30. Qd3 Qxb7 31. Nh5 Nf3+ 32. Qxf3 Qxf3 33. gxf3 Nxh5 34.
Rxe5 Nf4 35. Re4 g5 36. b4 Rd2 37. Rf1 Nxh3+ 38. Kg2 Nf4+ 39. Kg3 Rb2 40. b5
axb5 41. a5 Ra8 42. Re5 h6 0-1

[Event "VI MFSz Turniej Glowny"]
[Site "Ostroda"]
[Date "2009.08.09"]
[Round "4.3"]
[White "Szymczak, Zbigniew"]
[Black "Rak, Tomasz"]
[Result "1-0"]
[WhiteElo "2289"]
[BlackElo "2094"]
[PlyCount "67"]
[EventDate "2009.??.??"]

1. d4 d5 2. c4 e6 3. Nf3 c6 4. Qc2 Bd6 5. Nbd2 f5 6. b3 Nf6 7. Bb2 O-O 8. Ne5
Bxe5 9. dxe5 Ne4 10. e3 Qg5 11. Nf3 Qh6 12. Be2 Kh8 13. O-O Nd7 14. cxd5 exd5
15. Ne1 f4 16. exf4 Qxf4 17. Nd3 Qf5 18. f3 Ng5 19. f4 Ne6 20. Rae1 Ndc5 21. b4
Nxd3 22. Bxd3 Qg4 23. f5 Nd4 24. Qc5 Bxf5 25. Bxd4 b6 26. Qc3 Bxd3 27. Qxd3
Rxf1+ 28. Rxf1 a5 29. a3 axb4 30. axb4 h6 31. h3 Qe6 32. Qf5 Qe7 33. e6 Re8 34.
Qg6 1-0

[Event "VI MFSz Turniej Glowny"]
[Site "Ostroda"]
[Date "2009.08.09"]
[Round "4.4"]
[White "Pulik, Krzysztof"]
[Black "Brodowski, Piotr"]
[Result "0-1"]
[WhiteElo "2207"]
[BlackElo "2397"]
[PlyCount "60"]
[EventDate "2009.??.??"]

1. e4 c5 2. c3 Nf6 3. e5 Nd5 4. d4 cxd4 5. Nf3 Nc6 6. Bc4 Nb6 7. Bb3 g6 8. Ng5
d5 9. exd6 e6 10. Qf3 Ne5 11. Qe4 Bg7 12. O-O O-O 13. Rd1 Nec4 14. Qe2 Nxd6 15.
Bf4 Nd5 16. Be5 Qxg5 17. Bxd6 Rd8 18. Ba3 Bd7 19. cxd4 Nf4 20. Qf3 Bc6 21. d5
Nxd5 22. Qg3 Qh5 23. Re1 Qf5 24. Nd2 Nf4 25. Nf3 Nh3+ 26. Kh1 Bxf3 27. gxf3 Nf4
28. Re4 Nd3 29. Re2 Rac8 30. Bc2 Qb5 0-1

[Event "VI MFSz Turniej Glowny"]
[Site "Ostroda"]
[Date "2009.08.10"]
[Round "5.1"]
[White "Kuzmicz, Krystian"]
[Black "Jadanowski, Lukasz"]
[Result "1-0"]
[WhiteElo "2408"]
[BlackElo "2132"]
[PlyCount "103"]
[EventDate "2009.??.??"]

1. g3 Nf6 2. Bg2 d5 3. c4 e6 4. Nf3 Be7 5. O-O b6 6. b3 O-O 7. Bb2 Bb7 8. d4 c5
9. cxd5 Nxd5 10. Nbd2 cxd4 11. Nxd4 Nc6 12. Nxc6 Bxc6 13. Rc1 Rc8 14. Nc4 Nf6
15. Qxd8 Rfxd8 16. Nxb6 axb6 17. Bxc6 Rd2 18. Bxf6 gxf6 19. Bf3 Rxc1 20. Rxc1
Rxa2 21. Rc7 Kf8 22. Rb7 Bc5 23. Bh5 Be7 24. Rxb6 f5 25. b4 Rb2 26. b5 e5 27.
Rb7 f6 28. Kf1 Rb1+ 29. Kg2 Rb3 30. Bf3 Bc5 31. Bd5 Rb2 32. Rf7+ Ke8 33. Rxf6
Rxe2 34. Rxf5 Bd4 35. g4 Rb2 36. h4 Ke7 37. Bc6 Ke6 38. Rf3 h6 39. Kf1 Rb1+ 40.
Kg2 Rb2 41. g5 hxg5 42. hxg5 e4 43. Rf4 Bb6 44. Bxe4 Rxb5 45. Rf6+ Ke7 46. f4
Bd4 47. Rc6 Rb3 48. f5 Rb6 49. Rc4 Be3 50. Rc7+ Kd6 51. Rg7 Ke5 52. Kf3 1-0

[Event "VI MFSz Turniej Glowny"]
[Site "Ostroda"]
[Date "2009.08.10"]
[Round "5.3"]
[White "Rak, Tomasz"]
[Black "Pulik, Krzysztof"]
[Result "1-0"]
[WhiteElo "2094"]
[BlackElo "2207"]
[PlyCount "103"]
[EventDate "2009.??.??"]

1. Nf3 g6 2. d4 Bg7 3. c4 d6 4. h3 Nf6 5. Nc3 O-O 6. e4 Nbd7 7. Bd3 e5 8. d5
Nc5 9. Bc2 a5 10. Bg5 h6 11. Be3 Nh5 12. Qd2 Nf4 13. Rh2 Kh7 14. g3 Nh5 15. Nh4
Bd7 16. O-O-O Qe8 17. Qe2 Nf6 18. g4 Ng8 19. Rg1 Rb8 20. Nf3 Ne7 21. h4 Rh8 22.
h5 g5 23. Bxg5 hxg5 24. Nxg5+ Kg8 25. Nf3 Kf8 26. g5 Rh7 27. Nh4 Qc8 28. h6 Bh8
29. Qh5 Be8 30. f4 Ng6 31. f5 Nf4 32. Qf3 Ke7 33. Ng2 Nxg2 34. Rgxg2 c6 35. Qh5
Kd7 36. g6 fxg6 37. fxg6 Kc7 38. Qg5 Bxg6 39. Qxg6 Qd7 40. Rf2 Re8 41. Rf5 Ree7
42. Rhf2 Qd8 43. Qg5 Nd7 44. Bd1 Qa8 45. Bh5 Bf6 46. Rxf6 Nxf6 47. Rxf6 Qh8 48.
Bg4 Re8 49. Be6 Rf8 50. Rg6 Rf1+ 51. Kc2 Rh1 52. Rg8 1-0

[Event "VI MFSz Turniej Glowny"]
[Site "Ostroda"]
[Date "2009.08.10"]
[Round "5.4"]
[White "Cyborowski, Lukasz"]
[Black "Szymczak, Zbigniew"]
[Result "1/2-1/2"]
[WhiteElo "2498"]
[BlackElo "2289"]
[PlyCount "41"]
[EventDate "2009.??.??"]

1. c4 g6 2. Nc3 Bg7 3. d4 c5 4. d5 d6 5. e4 Nf6 6. Nf3 O-O 7. Bd3 Bg4 8. h3
Bxf3 9. Qxf3 Nbd7 10. Qd1 e6 11. O-O exd5 12. cxd5 a6 13. a4 Re8 14. Re1 Qc7
15. Bf1 c4 16. Bf4 Rab8 17. Qc2 b5 18. axb5 axb5 19. Ra6 Rb6 20. Ra5 Qb8 21.
Be3 1/2-1/2

[Event "VI MFSz Turniej Glowny"]
[Site "Ostroda"]
[Date "2009.08.10"]
[Round "5.5"]
[White "Kobus, Sebastian"]
[Black "Bukowska, Katarzyna"]
[Result "1-0"]
[WhiteElo "2035"]
[BlackElo "2026"]
[PlyCount "125"]
[EventDate "2009.??.??"]

1. e4 e5 2. Nc3 Nf6 3. Bc4 Bb4 4. d3 Nc6 5. Nge2 d5 6. exd5 Nxd5 7. O-O Nxc3 8.
bxc3 Bd6 9. Ng3 O-O 10. Ne4 Be7 11. f4 exf4 12. Bxf4 Na5 13. Bb3 Nxb3 14. axb3
f5 15. Nd2 Bg5 16. Qf3 Bxf4 17. Qxf4 Be6 18. Nf3 c5 19. Rae1 Qb6 20. Ng5 Bd5
21. Re5 c4+ 22. Kh1 Qc6 23. Kg1 cxd3 24. cxd3 h6 25. Nf3 Bxf3 26. Qxf3 Qxc3 27.
Qd5+ Kh8 28. Rfxf5 Rxf5 29. Rxf5 Qe1+ 30. Rf1 Qe3+ 31. Kh1 Rc8 32. h3 Rc1 33.
Rxc1 Qxc1+ 34. Kh2 Qf4+ 35. Kg1 Qe3+ 36. Kh2 Qf4+ 37. Kg1 Qe3+ 38. Kf1 a5 39.
d4 Qd2 40. Qxb7 Qd1+ 41. Kf2 Qxd4+ 42. Ke2 Kh7 43. Kf3 Qd3+ 44. Kf4 Qd6+ 45.
Ke4 Qc5 46. Kd3 Qd6+ 47. Kc4 Qf4+ 48. Kb5 Qg5+ 49. Ka6 Qc5 50. Qb5 Qc3 51. Qd5
Qb4 52. Qb5 Qc3 53. Kb6 Qd2 54. g4 Qc3 55. h4 Qd4+ 56. Kxa5 Qxg4 57. Qd3+ Kh8
58. Qd8+ Kh7 59. b4 g5 60. Qe7+ Kg6 61. hxg5 Qxg5+ 62. Qxg5+ hxg5 63. b5 1-0

[Event "VI MFSz Turniej Glowny"]
[Site "Ostroda"]
[Date "2009.08.10"]
[Round "6.1"]
[White "Jadanowski, Lukasz"]
[Black "Bukowska, Katarzyna"]
[Result "1-0"]
[WhiteElo "2132"]
[BlackElo "2026"]
[PlyCount "95"]
[EventDate "2009.??.??"]

1. d4 d5 2. Nf3 Nf6 3. Bg5 e6 4. e3 Be7 5. c4 O-O 6. Nc3 Nbd7 7. Qc2 a6 8. cxd5
exd5 9. Bd3 c6 10. O-O Re8 11. Rae1 Nf8 12. Ne5 Ng4 13. Bxe7 Rxe7 14. Nxg4 Bxg4
15. f4 Qe8 16. Qf2 Rd8 17. f5 f6 18. Qf4 Bh5 19. g4 Bf7 20. Rf3 c5 21. Ref1 c4
22. Bc2 b5 23. h4 Qc6 24. Rg3 Qd6 25. Qf3 Be8 26. Kh1 Bc6 27. g5 Rde8 28. Nd1
Nd7 29. Re1 Qb4 30. Re2 Bb7 31. Qf4 Qa5 32. a3 Qb6 33. Nf2 b4 34. axb4 Qxb4 35.
Ng4 Qb6 36. Ba4 Re4 37. Qf3 Bc6 38. gxf6 Kf7 39. Ne5+ Nxe5 40. Qh5+ g6 41.
Qxh7+ Kxf6 42. dxe5+ Kxe5 43. Qg7+ Kd6 44. Rxg6+ Kc5 45. Bxc6 Qxc6 46. Rxc6+
Kxc6 47. f6 Rxh4+ 48. Rh2 1-0

[Event "VI MFSz Turniej Glowny"]
[Site "Ostroda"]
[Date "2009.08.10"]
[Round "6.2"]
[White "Szymczak, Zbigniew"]
[Black "Kobus, Sebastian"]
[Result "1-0"]
[WhiteElo "2289"]
[BlackElo "2035"]
[PlyCount "95"]
[EventDate "2009.??.??"]

1. d4 d5 2. c4 e6 3. Nf3 Nf6 4. g3 Be7 5. Bg2 O-O 6. O-O dxc4 7. Ne5 c5 8. dxc5
Bxc5 9. Nxc4 Qc7 10. Nc3 Bxf2+ 11. Rxf2 Qxc4 12. Rxf6 gxf6 13. Bh6 Nc6 14. e3
Rd8 15. Qh5 e5 16. Be4 Qe6 17. Rf1 Qh3 18. Qxh3 Bxh3 19. Rxf6 Be6 20. Bg5 Kg7
21. Rf2 Rd7 22. Bf6+ Kg8 23. h4 Rc8 24. a3 Na5 25. Bxe5 Nc4 26. Bd4 b6 27. Bg2
Na5 28. Ne4 Rdc7 29. Nf6+ Kf8 30. Nxh7+

[Event "VI MFSz Turniej Glowny"]
[Site "Ostroda"]
[Date "2009.08.10"]
[Round "6.3"]
[White "Pulik, Krzysztof"]
[Black "Cyborowski, Lukasz"]
[Result "0-1"]
[WhiteElo "2207"]
[BlackElo "2498"]
[PlyCount "96"]
[EventDate "2009.??.??"]

1. e4 c6 2. d4 d5 3. exd5 cxd5 4. c4 Nf6 5. Nc3 e6 6. Nf3 Bb4 7. cxd5 Nxd5 8.
Qc2 Qc7 9. Bd2 Nd7 10. Bd3 Bxc3 11. bxc3 N5f6 12. O-O b6 13. Rfe1 Bb7 14. Ne5
Nxe5 15. Rxe5 h6 16. Qd1 O-O 17. Qe1 Rfd8 18. f4 Rd5 19. Qg3 Nd7 20. Re2 Nf6
21. Rae1 Rad8 22. h3 Ra5 23. Bb1 Rb5 24. Qh4 Qc6 25. Be4 Qc8 26. Bd3 Rh5 27.
Qf2 Ba6 28. Bxa6 Qxa6 29. Re5 Qxa2 30. R1e3 Qb1+ 31. Be1 Rc8 32. Rxh5 Nxh5 33.
Kh2 Qf5 34. Rf3 Nf6 35. g4 Qd5 36. g5 Ne4 37. Qe2 hxg5 38. Re3 f5 39. fxg5 Qd6+
40. Kg2 Nxg5 41. h4 Ne4 42. Bg3 Qd5 43. Kh2 Rxc3 44. Rxc3 Nxc3 45. Qh5 Qd7 46.
Be5 Nd5 47. Qg5 Qe7 48. Qg6 Qxh4+ 0-1

[Event "VI MFSz Turniej Glowny"]
[Site "Ostroda"]
[Date "2009.08.10"]
[Round "6.4"]
[White "Kuzmicz, Krystian"]
[Black "Brodowski, Piotr"]
[Result "1/2-1/2"]
[WhiteElo "2408"]
[BlackElo "2397"]
[PlyCount "32"]
[EventDate "2009.??.??"]

1. e4 c5 2. Nf3 a6 3. Nc3 e6 4. d4 cxd4 5. Nxd4 Qc7 6. Be2 b5 7. O-O Bb7 8. f3
Nf6 9. Be3 Bd6 10. g3 Bxg3 11. hxg3 Qxg3+ 12. Kh1 Qh3+ 13. Kg1 Qg3+ 14. Kh1
Qh3+ 15. Kg1 Qg3+ 16. Kh1 Qh3+ 1/2-1/2

[Event "VI MFSz Turniej Glowny"]
[Site "Ostroda"]
[Date "2009.08.11"]
[Round "7.1"]
[White "Brodowski, Piotr"]
[Black "Jadanowski, Lukasz"]
[Result "1/2-1/2"]
[WhiteElo "2397"]
[BlackElo "2132"]
[PlyCount "39"]
[EventDate "2009.??.??"]

1. c4 Nf6 2. Nc3 g6 3. g3 Bg7 4. Bg2 O-O 5. h3 d6 6. e4 c5 7. Nge2 Nc6 8. O-O
Nd4 9. Nxd4 cxd4 10. Ne2 Nd7 11. d3 a5 12. f4 f5 13. exf5 gxf5 14. b3 Nc5 15.
Kh2 Qc7 16. Ba3 Bd7 17. Bxc5 dxc5 18. Qd2 Ra6 19. Rae1 Rg6 20. Ng1 1/2-1/2

[Event "VI MFSz Turniej Glowny"]
[Site "Ostroda"]
[Date "2009.08.11"]
[Round "7.2"]
[White "Rak, Tomasz"]
[Black "Kuzmicz, Krystian"]
[Result "0-1"]
[WhiteElo "2094"]
[BlackElo "2408"]
[PlyCount "42"]
[EventDate "2009.??.??"]

1. Nf3 g6 2. d4 Bg7 3. c4 c5 4. Nc3 cxd4 5. Nxd4 Nc6 6. Nc2 Bxc3+ 7. bxc3 Qa5
8. Ne3 d6 9. g3 Be6 10. Bg2 Rc8 11. O-O Nf6 12. a4 b6 13. Rb1 Qa6 14. h3 Bxc4
15. Nxc4 Qxc4 16. Bh6 Rg8 17. Kh2 Ne4 18. Be3 Nxc3 19. Rc1 Nxd1 20. Rxc4 Nxe3
21. Rxc6 Nxf1+ 0-1